Sports Quiz

Random Sports or Baseball Quiz
Score 0/65 Timer 06:00
1 Play Today
Induction Year Player % Correct
2020Derek Jeter
88.6%
2019Edgar Martinez
85.2%
2019Lee Smith
83.3%
2014Greg Maddux
82.9%
1979Willie Mays
81.8%
2014Tom Glavine
81.2%
2019Mariano Rivera
80.7%
1989Johnny Bench
80.3%
2007Cal Ripken Jr.
80%
2015John Smoltz
79.6%
2015Randy Johnson
79.3%
2002Ozzie Smith
79.2%
2017Ivan Rodriguez
79.1%
2015Pedro Martinez
78.9%
2015Craig Biggio
78.3%
1995Mike Schmidt
78.1%
2016Ken Griffey Jr.
77.1%
2016Mike Piazza
77%
2018Chipper Jones
75.9%
2017Jeff Bagwell
75.7%
1993Reggie Jackson
72.7%
1999Nolan Ryan
72.3%
1983Brooks Robinson
71.7%
2009Rickey Henderson
71%
2020Larry Walker
71%
2018Jim Thome
71%
1972Sandy Koufax
70.1%
1999George Brett
69.2%
2005Ryne Sandberg
68.2%
1999Robin Yount
68.2%
2012Barry Larkin
67.9%
2011Roberto Alomar
67.9%
1994Steve Carlton
67.6%
Induction Year Player % Correct
2019Harold Baines
65.4%
2009Jim Rice
65.3%
2018Alan Trammell
64.9%
2000Carlton Fisk
64.5%
2005Wade Boggs
64.5%
2018Jack Morris
64.4%
2019Mike Mussina
64.2%
1989Carl Yastrzemski
63.7%
2004Paul Molitor
63.5%
2018Trevor Hoffman
62.9%
2010Andre Dawson
62.7%
2017Tim Raines
62.3%
2018Vladimir Guerrero
62.1%
2011Bert Blyleven
61.5%
1990Jim Palmer
61%
2004Dennis Eckersley
59.8%
2001Dave Winfield
59.4%
2003Eddie Murray
58.2%
2000Tony Perez
57.6%
2020Ted Simmons
57.5%
2008Goose Gossage
56%
1987Billy Williams
55.8%
1992Rollie Fingers
54.9%
2014Frank Thomas
54.6%
1991Rod Carew
52.1%
1991Gaylord Perry
51.1%
2006Bruce Sutter
50.8%
1991Ferguson Jenkins
48.2%
1983Juan Marichal
45%
1999Orlando Cepeda
44%
2001Bill Mazeroski
40.4%
1984 Luis Aparicio
39.4%
Remove Ads.
Support Sporcle.
Get the best of Sporcle when you Go Orange. This ad-free experience offers more features, more stats, and more fun while also helping to support Sporcle. Thank you for becoming a member.

You're not logged in!

Compare scores with friends on all Sporcle quizzes.
OR
Log In

Show Comments

Extras

Top Quizzes Today


Score Distribution

Your Account Isn't Verified!

In order to create a playlist on Sporcle, you need to verify the email address you used during registration. Go to your Sporcle Settings to finish the process.

Report this User

Report this user for behavior that violates our Community Guidelines.

Details: